Informática y gestión en la empresa / (Record no. 46904)

MARC details
000 -LEADER
campo de control de longitud fija 00633nam a2200193 i 4500
001 - NÚMERO DE CONTROL
campo de control 46904
003 - IDENTIFICADOR DE NÚMERO DE CONTROL
campo de control ES-MaACL
005 - FECHA Y HORA DE LA ÚLTIMA TRANSACCIÓN
campo de control 20230906161452.0
007 - CAMPO FIJO DE DESCRIPCIÓN FÍSICA--INFORMACIÓN GENERAL
campo de control de longitud fija t|
008 - DATOS DE LONGITUD FIJA--INFORMACIÓN GENERAL
campo de control de longitud fija 030402s1971 sp ||||1| spa d
100 1# - ENTRADA PRINCIPAL--NOMBRE DE PERSONA
Nombre de persona Conso, Pierre.
9 (RLIN) 40232
245 10 - MENCIÓN DEL TÍTULO
Título Informática y gestión en la empresa /
Mención de responsabilidad, etc. Pierre Conso, Pierre Poulain ; [traducida por Eduardo Buzzanca Cañellas].
250 ## - MENCION DE EDICION
Mención de edición 1ª ed.
260 ## - PUBLICACIÓN, DISTRIBUCIÓN, ETC.
Lugar de publicación, distribución, etc. Barcelona :
Nombre del editor, distribuidor, etc. Editores Tecnicos Asociados,
Fecha de publicación, distribución, etc. [1971]
300 ## - DESCRIPCIÓN FÍSICA
Extensión 296 p., 3 lám. ;
Dimensiones 25 cm.
700 1# - ENTRADA AGREGADA--NOMBRE PERSONAL
Nombre de persona Poulain, Pierre.
9 (RLIN) 93435
700 1# - ENTRADA AGREGADA--NOMBRE PERSONAL
Nombre de persona Buzzanca Cañellas, Eduardo.
9 (RLIN) 33000
852 ## - LOCALIZACIÓN
Ubicación ES-MaACL
Número de control de estantería C-41866
Sublocalización o colección R.78385
Holdings
Estatus retirado Estado de pérdida Estado de daño No para préstamo Biblioteca de origen Biblioteca actual Ubicación en estantería Fecha de adquisición Fuente de adquisición Total de préstamos Signatura topográfica completa Código de barras Visto por última vez Precio de reemplazo Tipo de ítem Koha
        Biblioteca del Ateneo de Madrid Biblioteca del Ateneo de Madrid Depósito 2 17/01/2008     C-41866 1049329 23/02/2023 23/02/2023 Libro impreso